000 00671cam a22001933a 4500
001 38481
003 PGUSA
005 20140828083841.0
008 120103s2012||||xxu|||||s|||||000 | eng d
040 _aPGUSA
_beng
042 _adc
245 1 0 _aScientific American, Vol. XXXVII.—No. 2. [New Series.], July 14, 1877 :
_bA Weekly Journal Of Practical Information, Art, Science, Mechanics, Chemistry, And Manufactures
_h[electronic resource] /
_cVarious
260 _bProject Gutenberg,
_c2012
506 _aPublic domain in the USA.
516 _aElectronic text
830 0 _aProject Gutenberg
_v38481
856 4 0 _uhttp://www.gutenberg.org/ebooks/38481
942 _cEB
999 _c267735
_d267735